| 000 -LEADER |
| fixed length control field |
00718nam a2200253Ia 4500 |
| 001 - CONTROL NUMBER |
| control field |
11054 |
| 003 - CONTROL NUMBER IDENTIFIER |
| control field |
GE_BSU |
| 008 - FIXED-LENGTH DATA ELEMENTS--GENERAL INFORMATION |
| fixed length control field |
181216s||||||||xx |||||||||||||| ||und|| |
| 020 ## - INTERNATIONAL STANDARD BOOK NUMBER |
| International Standard Book Number |
9780077126179 |
| 040 ## - CATALOGING SOURCE |
| Transcribing agency |
GE_BSU |
| 080 ## - UNIVERSAL DECIMAL CLASSIFICATION NUMBER |
| Universal Decimal Classification number |
005.5 |
| 245 ## - TITLE STATEMENT |
| Title |
OPERATIONS MANAGEMENT. |
| 245 ## - TITLE STATEMENT |
| Remainder of title |
Higher Education. |
| 245 ## - TITLE STATEMENT |
| Statement of responsibility, etc. |
Steve Paton, Ben Clegg, Juliana Hsuan and Alan Pilkington. |
| 260 ## - PUBLICATION, DISTRIBUTION, ETC. |
| Place of publication, distribution, etc. |
London. |
| 260 ## - PUBLICATION, DISTRIBUTION, ETC. |
| Name of publisher, distributor, etc. |
Mc Graw-Hill. |
| 260 ## - PUBLICATION, DISTRIBUTION, ETC. |
| Date of publication, distribution, etc. |
2011. |
| 300 ## - PHYSICAL DESCRIPTION |
| Extent |
518p;ill;27cm. |
| 520 ## - SUMMARY, ETC. |
| Summary, etc. |
შემოსულია ტემპუსის პროექტით. |
| 653 ## - INDEX TERM--UNCONTROLLED |
| Uncontrolled term |
OPERATIONS MANAGEMENT. |
| 653 ## - INDEX TERM--UNCONTROLLED |
| Uncontrolled term |
ტემპუსის პროექტით |
| 942 ## - ADDED ENTRY ELEMENTS (KOHA) |
| Koha item type |
წიგნი |